<?xml version="1.0" encoding="UTF-8"?>
<marc:record xmlns:marc="http://www.loc.gov/MARC21/slim">
   <marc:leader>00000nam a2200000 a 4500</marc:leader>
   <marc:datafield ind1="1" ind2=" " tag="100">
      <marc:subfield code="a">Katzmarzik, Heike</marc:subfield>
      <marc:subfield code="4">aut</marc:subfield>
      <marc:subfield code="e">Verfasser/-in</marc:subfield>
   </marc:datafield>
   <marc:datafield ind1=" " ind2=" " tag="653">
      <marc:subfield code="a">Geistheiler</marc:subfield>
   </marc:datafield>
   <marc:datafield ind1=" " ind2=" " tag="653">
      <marc:subfield code="a">Spiritualität</marc:subfield>
   </marc:datafield>
   <marc:datafield ind1=" " ind2=" " tag="653">
      <marc:subfield code="a">Heilen</marc:subfield>
   </marc:datafield>
   <marc:datafield ind1=" " ind2=" " tag="653">
      <marc:subfield code="a">Spiritismus</marc:subfield>
   </marc:datafield>
   <marc:datafield ind1="0" ind2="0" tag="245">
      <marc:subfield code="a">Große Heiler der Welt</marc:subfield>
   </marc:datafield>
   <marc:datafield ind1="0" ind2="0" tag="245">
      <marc:subfield code="b">wie energetische und spirituelle Medizin zusammenwirken. Heilmethoden - Selbstbehandlung - Praxisbeispiele</marc:subfield>
   </marc:datafield>
   <marc:datafield ind1="0" ind2="0" tag="245">
      <marc:subfield code="c">Heike Katzmarzik</marc:subfield>
   </marc:datafield>
   <marc:datafield ind1=" " ind2="1" tag="264">
      <marc:subfield code="a">Berlin</marc:subfield>
      <marc:subfield code="b">Trinity</marc:subfield>
      <marc:subfield code="c">2012</marc:subfield>
   </marc:datafield>
   <marc:datafield ind1="1" ind2=" " tag="520">
      <marc:subfield code="a">Eine schwere Krankheit war der Auslöser für die Medizinjournalistin Heike Katzmarzik, sich auf die Reise zu Heilern in der ganzen Welt zu machen. Sie wurde geheilt - doch das Thema ließ sie nicht mehr los. Wie arbeiten Heiler, was vereint ihre Vorgehensweise, und was trennt sie? Kann es Heilung von außen geben, oder geht es vielmehr darum, Verantwortung für sich selbst zu übernehmen? Heike Katzmarziks Buch gewährt nicht nur spannende Einblicke in die Arbeitsweise erfolgreicher Heiler, sondern zeigt auch, wie wir unseren inneren Heiler finden.</marc:subfield>
   </marc:datafield>
   <marc:datafield ind1=" " ind2=" " tag="020">
      <marc:subfield code="a">9783941837287</marc:subfield>
      <marc:subfield code="9">9783941837287</marc:subfield>
   </marc:datafield>
   <marc:datafield ind1=" " ind2=" " tag="020">
      <marc:subfield code="a">3941837281</marc:subfield>
      <marc:subfield code="9">3941837281</marc:subfield>
   </marc:datafield>
   <marc:datafield ind1=" " ind2=" " tag="300">
      <marc:subfield code="a">591 Seiten: Ill.</marc:subfield>
   </marc:datafield>
</marc:record>
